00529nam a2200181Ia 450000500170000000800410001702000150005804000180007304100080009108200220009910000240012124500750014525000120022026000470023230000270027965000180030670000230032420230724112031.0210716s1999 xx 000 0 und d a8120305965 cAIMIT LIBRARY aeng a005.133 22bKERB aKernighan, Brian W. aC programming language /cBy Brian W. Kernighan and Dennis M. Ritchie. a2nd ed. aNew Delhi :bPHI Learning Pvt Ltd ,c1999. axii,272p.bPBc23.8 cm aC Programming aRitchie, Dennis M.